000 00315nam a22001457a 4500
008 231124b ||||| |||| 00| 0 eng d
020 _a9780761907862
041 _aeng
080 _a618
082 _a618MYE
100 _a15
101 _aGJINE
245 _aFEMINIST FOUNDATIONS
_cMYERS.A.K
942 _2udc
_cBK
999 _c60513
_d60513